000 00480nam a2200169Ia 4500
008 240729s9999 xx 000 0 und d
022 _a2313-5891
245 0 _aUkrainian Food Journal
260 _aUkraine
260 _bNational university of food technologies
650 _a Chemical technology
650 _a Food processing and manufacture
650 _aTechnology
856 _uhttps://doaj.org/toc/6f411d12cc17412da03fc8f28b2a6eab
942 _2ddc
942 _cDOAJEJ
999 _c70168
_d70168
945 _a1
_bMadushi Gamage
_c1
_dMadushi Gamage